000 00860nam a22002777a 4500
001 BR0303862
003 BR-BrBNA
005 20230928101337.0
007 ta
008 230509b bl.||||| |||| 00| 0 por d
040 _aBR-BrBNA
_bpor
_cBiblioteca Nacional de Agricultura
041 _a(Eng)
072 _aH10
_b4020
090 _ 4020 BR0303862
100 1 _aMello, F.Z.V. de
110 1 _aUniversidade Federal de Lavras, MG (Brasil)
_0Tese (Mestrado)
245 1 _aSpecies formerly in the genera Trichillum Harold, 1868 and Pedaridium Harold, 1868 (Coleoptera: Scarabaeidae)
260 3 _aLavras, MG (Brasil):
_c2003.
300 _a266 p.
500 _aSummaries (Eng, Por), Several bibliography; 254 illus.
650 _aCOLEOPTERO
650 _aIDENTIFICAÇÃO
650 _aBIOLOGIA
909 _a202309
_bLucia
_c55
_dLucia Elande
942 _cBK
999 _c65361
_d65361